|
|
|
|
| LEADER |
01077nam a2200385 4500 |
| 001 |
DLU060057308 |
| 005 |
##20061208 |
| 008 |
##030804s2002 njua 001 0 eng |
| 010 |
# |
# |
|a 2003275842
|
| 020 |
# |
# |
|a 0130663484
|
| 040 |
# |
# |
|a DLC
|c DLC
|
| 042 |
# |
# |
|a pcc
|
| 050 |
# |
# |
|a HF5635
|b .H8127 2002
|
| 082 |
# |
# |
|a 657
|b HO-C
|
| 100 |
# |
# |
|a Horngren, Charles T.,
|d 1926-
|
| 245 |
# |
# |
|a Accounting :
|b Working papers chapters 1 - 13 /
|c Charles T. Horngren, Walter T. Harrison, Jr., Linda Smith Bamber
|
| 250 |
# |
# |
|b Fifth ed.
|
| 260 |
# |
# |
|a Upper Saddle River, N.J. :
|b Prentice Hall,
|c 2002
|
| 300 |
# |
# |
|a 940 p. :
|b col. ill. ;
|c 28 cm
|
| 500 |
# |
# |
|a Includes indexes.
|
| 650 |
# |
# |
|a Accounting.
|
| 700 |
# |
# |
|a Bamber, Linda S.
|q (Linda Smith),
|d 1954-
|
| 700 |
# |
# |
|a Harrison, Walter T.
|
| 700 |
# |
# |
|a Jones, Becky.
|
| 700 |
# |
# |
|a Willis, Betsy.
|
| 923 |
# |
# |
|a 30/2006
|
| 992 |
# |
# |
|a 47.000
|
| 994 |
# |
# |
|a DLU
|
| 900 |
# |
# |
|a True
|
| 911 |
# |
# |
|a Đào Thị Thu Huyền
|
| 925 |
# |
# |
|a G
|
| 926 |
# |
# |
|a A
|
| 927 |
# |
# |
|a SH
|
| 980 |
# |
# |
|a Thư viện Trường Đại học Đà Lạt
|